| 000 | 00715nam a2200241 a 4500 | ||
|---|---|---|---|
| 001 | BRCA_8245 | ||
| 005 | 20190320210208.0 | ||
| 008 | 280514s1913----fr-a###f##---#000-0#fre-# | ||
| 041 | _afre | ||
| 044 | _afr | ||
| 050 | 4 |
_aN2032 _b.N53 1913 |
|
| 100 | 1 |
_aNicolle, Marcel _920566 |
|
| 245 | 1 | 0 |
_aLa peinture au Musée du Louvre _bécole spagnole _cpar Marcel Nicolle. |
| 260 |
_aParis _bL´Illustration _c[¿1913?] |
||
| 300 |
_ax p. _bil., 46 láminas _c30 cm. |
||
| 500 | _aT85 | ||
| 610 | 2 | 4 |
_aMusée du Louvre (París) _vPinturas _920567 |
| 650 | 1 | 4 |
_aPintura _vEscuela española _920568 |
| 650 | 1 | 4 |
_aExposiciones _vArte _920569 |
| 650 | 1 | 4 |
_aGalerías y museos _zFrancia _97839 |
| 902 | _aGFM | ||
| 942 |
_2lcc _cB |
||
| 999 |
_c7913 _d7913 |
||